00417nam a2200121Ia 4500008004100000082002400041100001800065245005300083260004700136365000600183630005300189730005300242100415s9999 xx 000 0 und d b15500a584.9(54558) aVaralkshmi V aEconomics of Bamboo Basket Making - A Case Study aNEW DELHIc1992bHARYANA FOREST DEPARTMENT b0 aEconomics of Bamboo Basket Making - A Case Study aEconomics of Bamboo Basket Making - A Case Study